00753 a2200169 4500003000500000005001700005020001500022040000900037082001700046100001700063245010600080260003400186300001400220505028900234650003400523651002600557Nust20221212111200.0 a0130795429 cNust a621.3822,ALK aAlkin, Oktay aDigital signal processing : ba laboratory approach using PC-DSP (Include Floppy Disk) /cOktay Alkin aNew YorkbPrentice-Hallc1994 ax, 213 p. a Introduction (Page-1), Discrete Time Signals (Page-10), Discrete Time Systems (Page-31), Frequency Domain Analysis (Page-57), Sampling and Reconstruction (Page-82), The z- Transform and Discrete Time Structure (Page-101), IIR Filter Design (Page-113), FIR Filter Design (Page-132).  aTelecommunication Engineering a(Include Floppy Disk)